01409nam a2200241Ia 4500001000600000003000900006008004100015040001300056040001300069041001300082100001900095100002900114245005700143245005600200250001100256260001100267260002300278260004900301300004300350500070100393650004201094650003101136D5736IT-RoPAU130308s9999 xx 000 0 und d aIT-RoPAU cIT-RoPAU aITALIANO aMorra Marciano gCodice Aut. SPICS: 45750 aMissione al popolo e la comunità€ parrocchiale (La) bMissione al Popolo e la Comunita' Parrocchiale (La) a1a ed. aFOGGIA bIncontro Alla Luce c1995 [1° Ed.:1995 - Ed.Ling.Originale:1995] a"464 p. (prefazione: no ; testo: 464)" aFondamenti Dottrinali e Storici: Evangelizzazione Anima della Chiesa, cenni storici Sulle Missioni Popolari. Organizzazione e Dinamica delle Missioni: Quale missione Oggi?: Nuova Evangelizzazione e missione Popolare, Significato di missione al Popolo, Operatori della Missione. Metodologia e Organigramma della Missione. Specifiche Aree di Intervento: Pastorale della Famiglia, Pastorale dei Giovani, Pastorale del Lavoro. Strumenti della Missione: gruppi di Ascolto, gruppi di Diaconia, comunicazioni Sociali. Destinatari della Missione. Appendici: sussidi per I gruppi di Ascolto, Studio del Contesto Socio Religioso, Modelli Vari, Predicazione Francescana: Appunti Esperienziali. Bibliografia. aSAGGI PASTORALE COMUNICAZIONE SOCIALE eCodice materia Spics: 9311